[Event "Mittelrhein Regionalliga 1920"]
[Site "Mittelrhein"]
[Date "2019.11.17"]
[Round "3.6"]
[White "Hess, Dennis"]
[Black "Asselborn, Juergen"]
[Result "1-0"]
[WhiteElo "1893"]
[BlackElo "1891"]
[PlyCount "99"]
[EventDate "2019.09.29"]
[EventType "team-tourn"]
[EventRounds "9"]
[EventCountry "GER"]
[SourceTitle "EXT 2023"]
[Source "ChessBase"]
[SourceDate "2022.10.05"]
[SourceVersion "1"]
[SourceVersionDate "2022.10.05"]
[SourceQuality "1"]
[WhiteTeam "Langenfeld II"]
[BlackTeam "Kalker/Deutzer SG"]
[WhiteTeamCountry "GER"]
[BlackTeamCountry "GER"]

1. e4 e6 2. d4 d5 3. e5 c5 4. c3 Nc6 5. Nf3 Qb6 6. Be2 Nh6 7. b3 cxd4 8. cxd4 Bb4+ 9. Kf1 Nf5 10. Bb2 Be7 11. g4 Nh4 12. Nbd2 Nxf3 13. Nxf3 f6 14. Kg2 fxe5 15. Nxe5 Nxe5 16. dxe5 0-0 17. Rf1 Bd7 18. Qd2 Bc5 19. Bd3 Rac8 20. Rac1 g6 21. Qe2 Rf4 22. Rce1 Rcf8 23. f3 Bb4 24. Rd1 Bc6 25. Bc1 R4f7 26. Bh6 Rc8 27. Kg3 Bf8 28. Be3 Bc5 29. Bg5 Bf8 30. Be3 Qc7 31. f4 Bg7 32. Bd4 Re8 33. h4 a6 34. Rc1 Qb8 35. a4 Bh6 36. g5 Bf8 37. h5 Rg7 38. hxg6 hxg6 39. Qc2 Kf7 40. Rh1 Be7 41. Rh6 Reg8 42. Rch1 Qe8 43. Rh7 Rxh7 44. Rxh7+ Kf8 45. Rh6 Qd8 46. Kg4 Be8 47. Bxg6 Bxg6 48. Rxg6 Kf7 49. Rxe6 Qa5 50. Qh7+ 1-0

[Event "Mittelrhein Verbandsliga-N 18/19"]
[Site "Nordrheinwestfalen"]
[Date "2019.03.10"]
[Round "8.7"]
[White "Asselborn, Juergen"]
[Black "Boehm, Stefan"]
[Result "0-1"]
[WhiteElo "1882"]
[BlackElo "2010"]
[PlyCount "84"]
[EventDate "2018.09.02"]
[EventType "team-tourn"]
[EventRounds "12"]
[EventCountry "GER"]
[SourceTitle "EXT 2022"]
[Source "ChessBase"]
[SourceDate "2021.10.06"]
[SourceVersion "1"]
[SourceVersionDate "2021.10.06"]
[SourceQuality "1"]
[WhiteTeam "Kalker/Deutzer SG"]
[BlackTeam "Leverkusen SC Bayer"]
[WhiteTeamCountry "GER"]
[BlackTeamCountry "GER"]

1. Nf3 b6 2. g3 Bb7 3. Bg2 f5 4. c4 e6 5. Nc3 Nf6 6. d4 Ne4 7. Qc2 Nxc3 8. Qxc3 Be7 9. 0-0 0-0 10. Ne5 Bxg2 11. Kxg2 d6 12. Qf3 Na6 13. Nc6 Qd7 14. Nxe7+ Qxe7 15. Qa3 Nb8 16. b4 Nd7 17. Qc3 Nf6 18. Bg5 h6 19. Bxf6 Qxf6 20. e3 g5 21. f4 g4 22. Rh1 Kg7 23. Rac1 a5 24. b5 a4 25. c5 dxc5 26. dxc5 Qxc3 27. Rxc3 Ra5 28. cxb6 cxb6 29. Rc7+ Rf7 30. Rxf7+ Kxf7 31. Rb1 Ke7 32. Rb4 Kd6 33. h3 h5 34. h4 Kc5 35. a3 Rxb5 36. Rxa4 Ra5 37. Rd4 Rxa3 38. Rd8 b5 39. Rh8 b4 40. Rc8+ Kd5 41. Rd8+ Kc4 42. Rc8+ Kd3 0-1

[Event "Mittelrhein Verbandsliga-N 18/19"]
[Site "Nordrheinwestfalen"]
[Date "2018.12.16"]
[Round "5.5"]
[White "Hendrichs, Udo"]
[Black "Asselborn, Juergen"]
[Result "1/2-1/2"]
[WhiteElo "1880"]
[BlackElo "1882"]
[PlyCount "73"]
[EventDate "2018.09.02"]
[EventType "team-tourn"]
[EventRounds "12"]
[EventCountry "GER"]
[SourceTitle "EXT 2022"]
[Source "ChessBase"]
[SourceDate "2021.10.06"]
[SourceVersion "1"]
[SourceVersionDate "2021.10.06"]
[SourceQuality "1"]
[WhiteTeam "Langenfeld II"]
[BlackTeam "Kalker/Deutzer SG"]
[WhiteTeamCountry "GER"]
[BlackTeamCountry "GER"]

1. d4 d5 2. Nf3 Nf6 3. e3 e6 4. Bd3 Be7 5. 0-0 0-0 6. Nbd2 Nbd7 7. Qe2 b6 8. e4 dxe4 9. Nxe4 Bb7 10. Ng3 c5 11. c3 Qc7 12. Bg5 h6 13. Bd2 Bd6 14. Rac1 Bf4 15. Ne4 Bxd2 16. Qxd2 Rad8 17. Nxf6+ Nxf6 18. Ne5 cxd4 19. cxd4 Qd6 20. Rcd1 Qd5 21. Nf3 Rd6 22. Qf4 Rfd8 23. b3 Kh8 24. Rfe1 Qh5 25. Be2 Qf5 26. Qxf5 exf5 27. Ne5 Kg8 28. Bc4 Nd5 29. Rd3 f6 30. Ng6 Kh7 31. Nh4 Nf4 32. Rg3 Bc8 33. Rf3 Rxd4 34. Rfe3 Rd2 35. Bf7 R2d7 36. Bc4 Rd2 37. Bf7 1/2-1/2

[Event "Mittelrhein Verbandsliga-N 17/18"]
[Site "Nordrheinwestfalen"]
[Date "2018.02.04"]
[Round "7.2"]
[White "Asadzade, Idris"]
[Black "Asselborn, Juergen"]
[Result "1-0"]
[WhiteElo "1931"]
[BlackElo "1895"]
[PlyCount "53"]
[EventDate "2017.09.10"]
[EventType "team-swiss"]
[EventRounds "11"]
[EventCountry "GER"]
[SourceTitle "EXT 2022"]
[Source "ChessBase"]
[SourceDate "2021.10.06"]
[SourceVersion "1"]
[SourceVersionDate "2021.10.06"]
[SourceQuality "1"]
[WhiteTeam "Leverkusen Koenigsspringer"]
[BlackTeam "Kalker/Deutzer SG"]
[WhiteTeamCountry "GER"]
[BlackTeamCountry "GER"]

1. c4 e6 2. Nf3 Nf6 3. g3 b6 4. Bg2 Bb7 5. 0-0 c5 6. Nc3 Be7 7. Re1 d5 8. cxd5 exd5 9. d4 Nc6 10. Bg5 Ne4 11. Bxe7 Nxe7 12. dxc5 Nxc3 13. bxc3 bxc5 14. Rb1 Qc7 15. Qa4+ Bc6 16. Qa3 c4 17. Nd4 Qd7 18. Nxc6 Nxc6 19. Rbd1 Ne7 20. e4 0-0 21. exd5 Nc8 22. d6 Rb8 23. Qc5 Rb6 24. Qc7 Qd8 25. Qxd8 Rxd8 26. d7 Nd6 27. Rxd6 1-0

[Event "Mittelrhein Verbandsliga-N 17/18"]
[Site "Nordrheinwestfalen"]
[Date "2018.01.14"]
[Round "6.3"]
[White "Udelhofen, Willi"]
[Black "Asselborn, Juergen"]
[Result "1/2-1/2"]
[WhiteElo "1893"]
[BlackElo "1895"]
[PlyCount "68"]
[EventDate "2017.09.10"]
[EventType "team-swiss"]
[EventRounds "11"]
[EventCountry "GER"]
[SourceTitle "EXT 2022"]
[Source "ChessBase"]
[SourceDate "2021.10.06"]
[SourceVersion "1"]
[SourceVersionDate "2021.10.06"]
[SourceQuality "1"]
[WhiteTeam "Eikamp Freibauer"]
[BlackTeam "Kalker/Deutzer SG"]
[WhiteTeamCountry "GER"]
[BlackTeamCountry "GER"]

1. d4 d5 2. c4 e6 3. Nf3 Nf6 4. g3 g6 5. Bg2 Bg7 6. b3 0-0 7. Bb2 c6 8. 0-0 Nbd7 9. Nbd2 b6 10. Qc2 Bb7 11. Rfe1 Rc8 12. Rac1 Re8 13. Qb1 a5 14. e4 c5 15. exd5 exd5 16. Rxe8+ Qxe8 17. Re1 Qf8 18. Ne5 cxd4 19. Bxd4 Qd6 20. Qa1 Re8 21. Re3 Nh5 22. Ng4 Rxe3 23. Nxe3 dxc4 24. Bxg7 Bxg2 25. Ndxc4 Qc7 26. Be5 Nxe5 27. Qxe5 Qxe5 28. Nxe5 Be4 29. N5c4 Bb1 30. a3 Ba2 31. b4 axb4 32. axb4 Bxc4 33. Nxc4 b5 34. Nd6 Nf6 1/2-1/2

[Event "Mittelrhein Verbandsliga-O 16/17"]
[Site "Nordrheinwestfalen"]
[Date "2017.04.30"]
[Round "11.4"]
[White "Asselborn, Juergen"]
[Black "Hilpert, Rainer"]
[Result "1/2-1/2"]
[WhiteElo "1894"]
[BlackElo "1917"]
[PlyCount "100"]
[EventDate "2016.09.11"]
[EventType "team-tourn"]
[EventRounds "11"]
[EventCountry "GER"]
[SourceTitle "EXT 2022"]
[Source "ChessBase"]
[SourceDate "2021.10.06"]
[SourceVersion "1"]
[SourceVersionDate "2021.10.06"]
[SourceQuality "1"]
[WhiteTeam "Kalker/Deutzer SG"]
[BlackTeam "Rheinbacher SF"]
[WhiteTeamCountry "GER"]
[BlackTeamCountry "GER"]

1. Nf3 d5 2. g3 c6 3. Bg2 Nf6 4. 0-0 Bf5 5. h3 Nbd7 6. d3 e6 7. Nh4 Bg6 8. Nxg6 hxg6 9. Nd2 Bd6 10. e3 Qc7 11. c4 0-0 12. Rb1 a5 13. b3 b5 14. d4 bxc4 15. bxc4 Rab8 16. Rxb8 Rxb8 17. c5 Be7 18. Ba3 e5 19. Qc2 exd4 20. exd4 Nh7 21. Rb1 Bf6 22. Rxb8+ Nxb8 23. Bb2 Nf8 24. Bc3 Ne6 25. Qb2 Nd7 26. Bf1 Ndxc5 27. dxc5 d4 28. Ne4 dxc3 29. Nxf6+ gxf6 30. Qxc3 Kg7 31. Bg2 Qa7 32. Bxc6 Nxc5 33. Bd5 Ne6 34. Qc4 Ng5 35. Kg2 Qd7 36. h4 Nh7 37. Qc6 Nf8 38. a4 Qd8 39. Qa8 Qc7 40. Qb7 Ne6 41. Qxc7 Nxc7 42. Bc4 Ne6 43. Kf3 f5 44. Bxe6 fxe6 45. Ke3 e5 46. Kd3 Kf6 47. Kc4 Ke6 48. Kb5 Kd5 49. Kxa5 Kc5 50. Ka6 Kc6 1/2-1/2

[Event "Mittelrhein Verbandsliga-O 16/17"]
[Site "Nordrheinwestfalen"]
[Date "2016.10.23"]
[Round "3"]
[White "Eigemann, Julian"]
[Black "Asselborn, Juergen"]
[Result "1/2-1/2"]
[WhiteElo "1950"]
[BlackElo "1906"]
[PlyCount "82"]
[EventDate "2016.09.11"]
[EventType "team-tourn"]
[EventRounds "11"]
[EventCountry "GER"]
[SourceTitle "EXT 2022"]
[Source "ChessBase"]
[SourceDate "2021.10.06"]
[SourceVersion "1"]
[SourceVersionDate "2021.10.06"]
[SourceQuality "1"]
[WhiteTeam "Porz SG IV"]
[BlackTeam "Kalker/Deutzer SG"]
[WhiteTeamCountry "GER"]
[BlackTeamCountry "GER"]

1. Nc3 e6 2. e4 d5 3. d4 Nf6 4. e5 Nfd7 5. Nf3 c5 6. dxc5 Nc6 7. Bf4 a6 8. Bd3 Nxc5 9. 0-0 Be7 10. Re1 b5 11. a3 0-0 12. Ne2 f6 13. Nfd4 Nxd4 14. Nxd4 Qb6 15. Re3 f5 16. Rh3 g6 17. Nf3 Ne4 18. Be3 Qd8 19. Bxe4 fxe4 20. Nd4 Qc7 21. f4 exf3 22. Nxf3 Bb7 23. Qd2 Rad8 24. Bg5 Rf5 25. Bxe7 Qxe7 26. Re1 d4 27. Nxd4 Qc5 28. c3 Rxe5 29. Rxe5 Qxe5 30. Re3 Qg5 31. Qe2 Bd5 32. Nf3 Qf5 33. Qd3 Qf4 34. Rxe6 Qf8 35. Re1 Bxf3 36. Qxf3 Qxf3 37. gxf3 Rd2 38. Rb1 Rc2 39. a4 Kf7 40. axb5 axb5 41. Ra1 Rxb2 1/2-1/2

[Event "Mittelrhein Verbandsliga-M 1112"]
[Site "Germany"]
[Date "2012.04.15"]
[Round "9.3"]
[White "Mass, Elvira"]
[Black "Asselborn, Juergen"]
[Result "1-0"]
[WhiteElo "1960"]
[BlackElo "2028"]
[PlyCount "75"]
[EventDate "2011.09.18"]
[EventType "team-tourn"]
[EventRounds "11"]
[EventCountry "GER"]
[SourceTitle "EXT 2013"]
[Source "ChessBase"]
[SourceDate "2012.11.22"]
[SourceVersion "1"]
[SourceVersionDate "2012.11.22"]
[SourceQuality "1"]
[WhiteTeam "Godesberg V"]
[BlackTeam "Kalker/Deutzer SG"]
[WhiteTeamCountry "GER"]
[BlackTeamCountry "GER"]

1. Nf3 Nf6 2. g3 b6 3. Bg2 Bb7 4. 0-0 g6 5. d4 Bg7 6. c4 0-0 7. Nc3 d6 8. Qc2 Nbd7 9. e4 c6 10. Rd1 Qc7 11. b3 a6 12. Bb2 Rac8 13. Qe2 e6 14. Rac1 Qb8 15. h3 Rfd8 16. Nd2 Nh5 17. Nf1 c5 18. d5 e5 19. Bf3 Bh6 20. Bxh5 Bxc1 21. Bxc1 gxh5 22. Qxh5 Nf8 23. Bg5 f6 24. Bxf6 Rd7 25. Ne3 Ng6 26. Nf5 Rcc7 27. Rd3 Kf8 28. Qh6+ Kg8 29. Qg5 Kf8 30. h4 Ke8 31. h5 Nf8 32. Ng7+ Kf7 33. Rf3 h6 34. Qxh6 Kg8 35. Nf5 Nh7 36. Qg6+ Kf8 37. Nh6 Qe8 38. Qg8# 1-0

[Event "Mittelrhein Verbandsliga-M 1112"]
[Site "Germany"]
[Date "2012.02.26"]
[Round "7.3"]
[White "Asselborn, Juergen"]
[Black "Meyes, Richard"]
[Result "1/2-1/2"]
[WhiteElo "2028"]
[BlackElo "1755"]
[PlyCount "62"]
[EventDate "2011.09.18"]
[EventType "team-tourn"]
[EventRounds "11"]
[EventCountry "GER"]
[SourceTitle "EXT 2013"]
[Source "ChessBase"]
[SourceDate "2012.11.22"]
[SourceVersion "1"]
[SourceVersionDate "2012.11.22"]
[SourceQuality "1"]
[WhiteTeam "Kalker/Deutzer SG"]
[BlackTeam "Aachen Aufwaerts III"]
[WhiteTeamCountry "GER"]
[BlackTeamCountry "GER"]

1. Nf3 Nf6 2. g3 g6 3. Bg2 Bg7 4. 0-0 0-0 5. d3 d6 6. Nbd2 c5 7. e4 Nc6 8. c3 Rb8 9. Re1 Ng4 10. h3 Nge5 11. Qc2 b6 12. b3 Nb4 13. cxb4 Nxf3+ 14. Nxf3 Bxa1 15. e5 cxb4 16. Bd2 Bc3 17. Re4 Bxd2 18. Qxd2 Kg7 19. Rh4 Rh8 20. exd6 h6 21. dxe7 Qxe7 22. Rxb4 Bb7 23. Qc3+ f6 24. Rc4 Rhc8 25. Nd4 Rxc4 26. bxc4 Bxg2 27. Kxg2 Qe5 28. f4 Qe3 29. f5 Qe5 30. Qa3 gxf5 31. Nxf5+ Kg6 1/2-1/2

[Event "Mittelrhein Verbandsliga-M 1112"]
[Site "Germany"]
[Date "2011.10.09"]
[Round "2.2"]
[White "Asselborn, Juergen"]
[Black "Adimi, Shahriar"]
[Result "1/2-1/2"]
[WhiteElo "2028"]
[BlackElo "1852"]
[PlyCount "48"]
[EventDate "2011.09.18"]
[EventType "team-tourn"]
[EventRounds "11"]
[EventCountry "GER"]
[SourceTitle "EXT 2013"]
[Source "ChessBase"]
[SourceDate "2012.11.22"]
[SourceVersion "1"]
[SourceVersionDate "2012.11.22"]
[SourceQuality "1"]
[WhiteTeam "Kalker/Deutzer SG"]
[BlackTeam "Rheinbacher SF II"]
[WhiteTeamCountry "GER"]
[BlackTeamCountry "GER"]

1. Nf3 Nf6 2. g3 c5 3. Bg2 Nc6 4. 0-0 g6 5. d3 d5 6. Nbd2 Bg7 7. e4 e6 8. c3 0-0 9. Re1 b6 10. Rb1 a5 11. a3 Ba6 12. Bf1 d4 13. c4 e5 14. Bg2 Bc8 15. h3 Bd7 16. Kh2 Ne8 17. Nf1 Qc7 18. Bd2 Nd6 19. Qc1 a4 20. Bh6 f6 21. Bxg7 Kxg7 22. Ng1 Rf7 23. f4 Raf8 24. Nf3 h6 1/2-1/2